000 00558nam a2200205 a 4500
001 8869
003 CO-ViMGA
008 141112s2004 ck r 000 u spa d
020 _a9589578926
040 _aCO-ViMGA
_bspa
_cCO-ViMGA
082 0 4 _a301.36 S152p
100 1 _aSanchez G., Ana Lucia
_99025
245 1 0 _aProcesos Urbanos Contemporaneos
260 _aBogotá,
_cTercer Mundo,
_c1995
300 _a328.p.
650 1 4 _aCOMUNIDAD URBANA
_99026
650 1 4 _aDESARROLLO - ECONOMICO
_954125
650 1 4 _aURBANISMO DEMOCRATICO
_99027
942 _2ddc
_cBK
999 _c20460
_d20460